[Event "DVM U20 2023"]
[Site "Magdeburg GER"]
[Date "2023.12.27"]
[Round "2"]
[White "Pikalow, Michael"]
[Black "Matthäi, Jakob"]
[Result "0-1"]
[Termination "normal"]
[Board "7.1"]
[WhiteElo "2083"]
[BlackElo "2076"]
[WhiteClock "00:00:49"]
[BlackClock "00:02:17"]
[WhiteTeam "USC Magdeburg"]
[BlackTeam "USG Chemnitz"]
[PlyCount "80"]
[WhiteFideId "16227638"]
[BlackFideId "16240421"]
[EventCountry "GER"]
[EventRounds "7"]
[EventType "team-swiss"]
[EventDate "2023.12.26"]

1. e4 {[%clk 01:30:56]} {[%emt 00:00:04]} e5 {[%clk 01:30:50]} {[%emt
00:00:10]} 2. Nf3 {[%clk 01:31:21]} {[%emt 00:00:05]} Nc6 {[%clk 01:31:18]}
{[%emt 00:00:03]} 3. d4 {[%clk 01:31:07]} {[%emt 00:00:43]} exd4 {[%clk
01:31:43]} {[%emt 00:00:05]} 4. Nxd4 {[%clk 01:31:34]} {[%emt 00:00:03]} Nf6
{[%clk 01:31:55]} {[%emt 00:00:19]} 5. Nxc6 {[%clk 01:31:59]} {[%emt 00:00:05]}
bxc6 {[%clk 01:32:22]} {[%emt 00:00:03]} 6. e5 {[%clk 01:32:25]} {[%emt
00:00:03]} Qe7 {[%clk 01:32:44]} {[%emt 00:00:08]} 7. Qe2 {[%clk 01:32:52]}
{[%emt 00:00:02]} Nd5 {[%clk 01:33:09]} {[%emt 00:00:05]} 8. c4 {[%clk
01:33:20]} {[%emt 00:00:02]} Ba6 {[%clk 01:33:32]} {[%emt 00:00:07]} 9. Nd2
{[%clk 01:33:45]} {[%emt 00:00:06]} Nb4 {[%clk 01:19:45]} {[%emt 00:14:16]} 10.
Nf3 {[%clk 01:04:13]} {[%emt 00:30:02]} d5 {[%clk 01:16:58]} {[%emt 00:03:18]}
11. a3 {[%clk 01:00:36]} {[%emt 00:04:06]} Bxc4 {[%clk 01:14:00]} {[%emt
00:03:28]} 12. Qd1 {[%clk 01:00:46]} {[%emt 00:00:20]} Bxf1 {[%clk 01:10:36]}
{[%emt 00:04:00]} 13. Rxf1 {[%clk 01:00:47]} {[%emt 00:00:23]} Na6 {[%clk
01:09:46]} {[%emt 00:01:18]} 14. Qa4 {[%clk 01:01:00]} {[%emt 00:00:18]} Nb8
{[%clk 01:09:19]} {[%emt 00:00:58]} 15. Bf4 {[%clk 00:46:24]} {[%emt 00:15:05]}
Qd7 {[%clk 01:00:06]} {[%emt 00:09:42]} 16. O-O-O {[%clk 00:38:29]} {[%emt
00:08:25]} Be7 {[%clk 00:57:51]} {[%emt 00:02:46]} 17. e6 {[%clk 00:34:41]}
{[%emt 00:04:18]} fxe6 {[%clk 00:56:35]} {[%emt 00:01:46]} 18. Ne5 {[%clk
00:35:03]} {[%emt 00:00:08]} Qc8 {[%clk 00:56:10]} {[%emt 00:00:55]} 19. Rfe1
{[%clk 00:31:56]} {[%emt 00:03:37]} O-O {[%clk 00:55:34]} {[%emt 00:01:06]} 20.
Bg3 {[%clk 00:30:52]} {[%emt 00:01:36]} Bd6 {[%clk 00:49:29]} {[%emt 00:06:34]}
21. Qg4 {[%clk 00:26:22]} {[%emt 00:05:01]} Rf5 {[%clk 00:44:56]} {[%emt
00:05:01]} 22. Re3 {[%clk 00:22:50]} {[%emt 00:04:03]} c5 {[%clk 00:29:29]}
{[%emt 00:14:55]} 23. Nd3 {[%clk 00:13:47]} {[%emt 00:10:35]} Nc6 {[%clk
00:27:25]} {[%emt 00:02:33]} 24. Bxd6 {[%clk 00:13:14]} {[%emt 00:01:04]} cxd6
{[%clk 00:27:46]} {[%emt 00:00:09]} 25. Nf4 {[%clk 00:13:20]} {[%emt 00:00:23]}
Ne5 {[%clk 00:26:19]} {[%emt 00:01:56]} 26. Qh4 {[%clk 00:11:41]} {[%emt
00:02:09]} Qd7 {[%clk 00:20:58]} {[%emt 00:05:51]} 27. Rh3 {[%clk 00:10:46]}
{[%emt 00:01:25]} g5 {[%clk 00:19:01]} {[%emt 00:02:27]} 28. Rg3 {[%clk
00:10:39]} {[%emt 00:00:36]} Ng6 {[%clk 00:19:11]} {[%emt 00:00:22]} 29. Rxg5
{[%clk 00:10:39]} {[%emt 00:00:30]} Rxg5 {[%clk 00:15:14]} {[%emt 00:04:27]}
30. Qxg5 {[%clk 00:11:05]} {[%emt 00:00:03]} Qf7 {[%clk 00:14:59]} {[%emt
00:00:45]} 31. Nxg6 {[%clk 00:08:33]} {[%emt 00:03:02]} hxg6 {[%clk 00:12:25]}
{[%emt 00:03:03]} 32. g4 {[%clk 00:05:17]} {[%emt 00:03:46]} Rf8 {[%clk
00:11:46]} {[%emt 00:01:10]} 33. Kb1 {[%clk 00:03:10]} {[%emt 00:02:37]} Qf6
{[%clk 00:11:45]} {[%emt 00:00:30]} 34. Qh6 {[%clk 00:03:24]} {[%emt 00:00:17]}
g5 {[%clk 00:08:04]} {[%emt 00:04:11]} 35. Qh5 {[%clk 00:03:26]} {[%emt
00:00:27]} Kg7 {[%clk 00:07:28]} {[%emt 00:01:07]} 36. Qh3 {[%clk 00:02:44]}
{[%emt 00:01:12]} Qf3 {[%clk 00:05:42]} {[%emt 00:02:16]} 37. Qf1 {[%clk
00:02:14]} {[%emt 00:01:01]} c4 {[%clk 00:03:15]} {[%emt 00:02:56]} 38. h4
{[%clk 00:02:09]} {[%emt 00:00:36]} Qxf2 {[%clk 00:02:24]} {[%emt 00:01:21]}
39. Qh3 {[%clk 00:01:56]} {[%emt 00:00:42]} Qf3 {[%clk 00:01:52]} {[%emt
00:01:01]} 40. Qxf3 {[%clk 00:00:49]} {[%emt 00:01:37]} Rxf3 {[%clk 00:02:17]}
{[%emt 00:00:05]} 0-1

[Event "DVM U20 2023"]
[Site "Magdeburg GER"]
[Date "2023.12.27"]
[Round "2"]
[White "Rabenstein, Jonathan"]
[Black "Friedland, Manfred"]
[Result "0-1"]
[Termination "normal"]
[Board "7.3"]
[WhiteElo "1441"]
[BlackElo "1770"]
[WhiteClock "00:21:20"]
[BlackClock "00:21:48"]
[WhiteTeam "USC Magdeburg"]
[BlackTeam "USG Chemnitz"]
[PlyCount "82"]
[WhiteFideId "16298462"]
[BlackFideId "16240251"]
[EventCountry "GER"]
[EventRounds "7"]
[EventType "team-swiss"]
[EventDate "2023.12.26"]

1. e4 {[%clk 01:30:39]} {[%emt 00:00:18]} c5 {[%clk 01:30:56]} {[%emt
00:00:07]} 2. Nc3 {[%clk 01:30:38]} {[%emt 00:00:30]} Nc6 {[%clk 01:31:20]}
{[%emt 00:00:07]} 3. f4 {[%clk 01:30:28]} {[%emt 00:00:39]} g6 {[%clk
01:31:40]} {[%emt 00:00:10]} 4. Nf3 {[%clk 01:30:44]} {[%emt 00:00:14]} Bg7
{[%clk 01:32:06]} {[%emt 00:00:05]} 5. Bc4 {[%clk 01:30:35]} {[%emt 00:00:38]}
e6 {[%clk 01:30:25]} {[%emt 00:02:10]} 6. O-O {[%clk 01:29:16]} {[%emt
00:01:48]} a6 {[%clk 01:29:57]} {[%emt 00:01:00]} 7. a3 {[%clk 01:26:05]}
{[%emt 00:03:41]} Nge7 {[%clk 01:29:36]} {[%emt 00:00:50]} 8. d3 {[%clk
01:25:48]} {[%emt 00:00:48]} b5 {[%clk 01:29:33]} {[%emt 00:00:34]} 9. Ba2
{[%clk 01:26:08]} {[%emt 00:00:10]} Bb7 {[%clk 01:29:21]} {[%emt 00:00:43]} 10.
Qe1 {[%clk 01:25:28]} {[%emt 00:01:09]} Nd4 {[%clk 01:29:31]} {[%emt 00:00:20]}
11. Nxd4 {[%clk 01:21:15]} {[%emt 00:04:43]} cxd4 {[%clk 01:29:53]} {[%emt
00:00:07]} 12. Ne2 {[%clk 01:21:33]} {[%emt 00:00:13]} Rc8 {[%clk 01:30:07]}
{[%emt 00:00:16]} 13. c3 {[%clk 01:18:08]} {[%emt 00:03:55]} dxc3 {[%clk
01:29:23]} {[%emt 00:01:14]} 14. bxc3 {[%clk 01:18:26]} {[%emt 00:00:12]} O-O
{[%clk 01:23:01]} {[%emt 00:06:51]} 15. Bd2 {[%clk 01:15:54]} {[%emt 00:03:03]}
Qb6+ {[%clk 01:16:15]} {[%emt 00:07:14]} 16. Kh1 {[%clk 01:15:10]} {[%emt
00:01:15]} f5 {[%clk 01:16:05]} {[%emt 00:00:40]} 17. Ng3 {[%clk 01:06:03]}
{[%emt 00:09:37]} Qc6 {[%clk 01:10:08]} {[%emt 00:06:26]} 18. Rc1 {[%clk
01:02:58]} {[%emt 00:03:35]} Qd6 {[%clk 00:59:55]} {[%emt 00:10:44]} 19. exf5
{[%clk 00:42:44]} {[%emt 00:20:44]} Nxf5 {[%clk 00:58:39]} {[%emt 00:01:44]}
20. Nxf5 {[%clk 00:42:27]} {[%emt 00:00:48]} Rxf5 {[%clk 00:58:02]} {[%emt
00:01:07]} 21. Ra1 {[%clk 00:41:53]} {[%emt 00:01:05]} Qc6 {[%clk 00:53:11]}
{[%emt 00:05:21]} 22. Rg1 {[%clk 00:39:45]} {[%emt 00:02:37]} Bxc3 {[%clk
00:46:48]} {[%emt 00:06:53]} 23. Bxc3 {[%clk 00:33:25]} {[%emt 00:06:51]} Qxc3
{[%clk 00:46:48]} {[%emt 00:00:29]} 24. Qe3 {[%clk 00:33:33]} {[%emt 00:00:23]}
Qc5 {[%clk 00:44:18]} {[%emt 00:02:59]} 25. d4 {[%clk 00:32:34]} {[%emt
00:01:30]} Qc3 {[%clk 00:42:56]} {[%emt 00:01:52]} 26. Qf2 {[%clk 00:29:46]}
{[%emt 00:03:18]} Qc2 {[%clk 00:38:34]} {[%emt 00:04:51]} 27. Qxc2 {[%clk
00:29:01]} {[%emt 00:01:15]} Rxc2 {[%clk 00:38:59]} {[%emt 00:00:07]} 28. Bb1
{[%clk 00:29:12]} {[%emt 00:00:19]} Rxg2 {[%clk 00:34:05]} {[%emt 00:05:24]}
29. Rxg2 {[%clk 00:27:14]} {[%emt 00:02:30]} Rxf4 {[%clk 00:34:30]} {[%emt
00:00:02]} 30. Kg1 {[%clk 00:26:22]} {[%emt 00:01:22]} Bxg2 {[%clk 00:34:52]}
{[%emt 00:00:07]} 31. Kxg2 {[%clk 00:26:47]} {[%emt 00:00:06]} Rxd4 {[%clk
00:35:14]} {[%emt 00:00:07]} 32. Ra2 {[%clk 00:26:05]} {[%emt 00:01:14]} Kf7
{[%clk 00:33:15]} {[%emt 00:02:29]} 33. Rc2 {[%clk 00:26:03]} {[%emt 00:00:32]}
Ke7 {[%clk 00:31:41]} {[%emt 00:02:05]} 34. Rc3 {[%clk 00:24:57]} {[%emt
00:01:36]} Rd2+ {[%clk 00:31:19]} {[%emt 00:00:51]} 35. Kg3 {[%clk 00:25:13]}
{[%emt 00:00:14]} Rb2 {[%clk 00:27:43]} {[%emt 00:04:06]} 36. Bd3 {[%clk
00:24:03]} {[%emt 00:01:40]} a5 {[%clk 00:26:34]} {[%emt 00:01:40]} 37. Bc2
{[%clk 00:21:45]} {[%emt 00:02:48]} b4 {[%clk 00:25:45]} {[%emt 00:01:19]} 38.
axb4 {[%clk 00:21:47]} {[%emt 00:00:28]} axb4 {[%clk 00:25:50]} {[%emt
00:00:25]} 39. Rc7 {[%clk 00:22:11]} {[%emt 00:00:05]} b3 {[%clk 00:25:31]}
{[%emt 00:00:50]} 40. Be4 {[%clk 00:21:51]} {[%emt 00:00:50]} Re2 {[%clk
00:22:19]} {[%emt 00:03:41]} 41. Bf3 {[%clk 00:21:20]} {[%emt 00:01:01]} b2
{[%clk 00:21:48]} {[%emt 00:01:01]} 0-1

[Event "DVM U20 2023"]
[Site "Magdeburg GER"]
[Date "2023.12.27"]
[Round "2"]
[White "Mehner, Lorenz"]
[Black "Burghardt, Jonathan"]
[Result "1/2-1/2"]
[Termination "normal"]
[Board "7.4"]
[WhiteElo "1825"]
[BlackElo "1260"]
[WhiteClock "00:28:30"]
[BlackClock "00:33:47"]
[WhiteTeam "USG Chemnitz"]
[BlackTeam "USC Magdeburg"]
[PlyCount "89"]
[WhiteFideId "16293096"]
[BlackFideId "34617965"]
[EventCountry "GER"]
[EventRounds "7"]
[EventType "team-swiss"]
[EventDate "2023.12.26"]

1. d4 {[%clk 01:30:55]} {[%emt 00:00:04]} d5 {[%clk 01:30:53]} {[%emt
00:00:08]} 2. c4 {[%clk 01:31:21]} {[%emt 00:00:04]} e6 {[%clk 01:31:17]}
{[%emt 00:00:05]} 3. Nc3 {[%clk 01:31:46]} {[%emt 00:00:05]} Nf6 {[%clk
01:31:38]} {[%emt 00:00:09]} 4. cxd5 {[%clk 01:32:04]} {[%emt 00:00:13]} exd5
{[%clk 01:32:04]} {[%emt 00:00:02]} 5. Bg5 {[%clk 01:32:21]} {[%emt 00:00:14]}
c6 {[%clk 01:31:39]} {[%emt 00:00:56]} 6. e3 {[%clk 01:32:32]} {[%emt
00:00:18]} Bd6 {[%clk 01:30:07]} {[%emt 00:02:01]} 7. Bd3 {[%clk 01:30:16]}
{[%emt 00:02:46]} Be6 {[%clk 01:26:04]} {[%emt 00:04:32]} 8. Qc2 {[%clk
01:25:47]} {[%emt 00:05:00]} h6 {[%clk 01:24:42]} {[%emt 00:01:54]} 9. Bh4
{[%clk 01:25:05]} {[%emt 00:01:11]} Nbd7 {[%clk 01:23:07]} {[%emt 00:02:05]}
10. Nge2 {[%clk 01:21:33]} {[%emt 00:04:02]} O-O {[%clk 01:22:08]} {[%emt
00:01:26]} 11. O-O {[%clk 01:17:44]} {[%emt 00:04:21]} Qc7 {[%clk 01:14:25]}
{[%emt 00:08:13]} 12. Bg3 {[%clk 01:16:00]} {[%emt 00:02:14]} Rac8 {[%clk
01:08:23]} {[%emt 00:06:30]} 13. Rac1 {[%clk 01:12:04]} {[%emt 00:04:28]} a6
{[%clk 01:07:17]} {[%emt 00:01:35]} 14. f3 {[%clk 01:05:41]} {[%emt 00:06:53]}
c5 {[%clk 00:59:32]} {[%emt 00:08:17]} 15. dxc5 {[%clk 01:00:28]} {[%emt
00:05:42]} Nxc5 {[%clk 00:58:48]} {[%emt 00:01:14]} 16. Nf4 {[%clk 00:43:12]}
{[%emt 00:17:45]} Nxd3 {[%clk 00:55:19]} {[%emt 00:03:58]} 17. Qxd3 {[%clk
00:41:25]} {[%emt 00:02:18]} Bxf4 {[%clk 00:52:31]} {[%emt 00:03:19]} 18. Bxf4
{[%clk 00:39:55]} {[%emt 00:02:00]} Qc4 {[%clk 00:51:39]} {[%emt 00:01:20]} 19.
Qd2 {[%clk 00:35:22]} {[%emt 00:05:04]} Rfd8 {[%clk 00:48:44]} {[%emt
00:03:24]} 20. Rfd1 {[%clk 00:33:27]} {[%emt 00:02:25]} Qb4 {[%clk 00:46:42]}
{[%emt 00:02:32]} 21. Be5 {[%clk 00:22:47]} {[%emt 00:11:11]} Nd7 {[%clk
00:42:54]} {[%emt 00:04:17]} 22. Bd4 {[%clk 00:18:15]} {[%emt 00:05:02]} Nb6
{[%clk 00:40:51]} {[%emt 00:02:32]} 23. Qf2 {[%clk 00:10:59]} {[%emt 00:07:48]}
Qd6 {[%clk 00:39:01]} {[%emt 00:02:20]} 24. Rd3 {[%clk 00:02:34]} {[%emt
00:08:55]} Bf5 {[%clk 00:36:14]} {[%emt 00:03:17]} 25. e4 {[%clk 00:01:08]}
{[%emt 00:01:57]} dxe4 {[%clk 00:34:23]} {[%emt 00:02:23]} 26. fxe4 {[%clk
00:01:15]} {[%emt 00:00:22]} Bxe4 {[%clk 00:34:04]} {[%emt 00:00:48]} 27. Rdd1
{[%clk 00:00:49]} {[%emt 00:00:56]} Na4 {[%clk 00:27:28]} {[%emt 00:07:06]} 28.
Be3 {[%clk 00:00:36]} {[%emt 00:00:44]} Qc6 {[%clk 00:25:44]} {[%emt 00:02:13]}
29. Rxd8+ {[%clk 00:00:36]} {[%emt 00:00:31]} Rxd8 {[%clk 00:25:49]} {[%emt
00:00:24]} 30. Qh4 {[%clk 00:00:34]} {[%emt 00:00:32]} Re8 {[%clk 00:24:20]}
{[%emt 00:01:59]} 31. Bd4 {[%clk 00:00:38]} {[%emt 00:00:26]} Nxc3 {[%clk
00:21:52]} {[%emt 00:02:58]} 32. Rxc3 {[%clk 00:00:37]} {[%emt 00:00:31]} Qd5
{[%clk 00:21:52]} {[%emt 00:00:28]} 33. Qf2 {[%clk 00:00:38]} {[%emt 00:00:29]}
Rd8 {[%clk 00:15:37]} {[%emt 00:06:46]} 34. Be3 {[%clk 00:00:35]} {[%emt
00:00:34]} Qd1+ {[%clk 00:13:13]} {[%emt 00:02:53]} 35. Qf1 {[%clk 00:00:55]}
{[%emt 00:00:10]} Qxf1+ {[%clk 00:12:08]} {[%emt 00:01:34]} 36. Kxf1 {[%clk
00:01:25]} Rd3 {[%clk 00:09:14]} {[%emt 00:03:26]} 37. Rc8+ {[%clk 00:00:58]}
{[%emt 00:00:57]} Kh7 {[%clk 00:08:59]} {[%emt 00:00:45]} 38. Ke2 {[%clk
00:01:04]} {[%emt 00:00:24]} Rd7 {[%clk 00:09:11]} {[%emt 00:00:19]} 39. g3
{[%clk 00:01:06]} {[%emt 00:00:26]} Bf5 {[%clk 00:08:12]} {[%emt 00:01:29]} 40.
Rc5 {[%clk 00:00:59]} {[%emt 00:00:37]} Be6 {[%clk 00:07:50]} {[%emt 00:00:54]}
41. a3 {[%clk 00:01:13]} {[%emt 00:00:15]} Rd5 {[%clk 00:07:55]} {[%emt
00:00:25]} 42. Rc7 {[%clk 00:29:45]} {[%emt 00:01:58]} Rb5 {[%clk 00:37:22]}
{[%emt 00:01:04]} 43. b4 {[%clk 00:29:13]} {[%emt 00:01:01]} a5 {[%clk
00:36:48]} {[%emt 00:01:04]} 44. Bc5 {[%clk 00:28:37]} {[%emt 00:01:05]} axb4
{[%clk 00:33:47]} {[%emt 00:03:33]} 45. axb4 {[%clk 00:28:30]} {[%emt
00:00:36]} 1/2-1/2

[Event "DVM U20 2023"]
[Site "Magdeburg GER"]
[Date "2023.12.27"]
[Round "2"]
[White "Dietz, Maximilian"]
[Black "Sayouf, Rafif"]
[Result "1/2-1/2"]
[Termination "normal"]
[Board "7.5"]
[WhiteElo "1463"]
[BlackElo "1346"]
[WhiteClock "00:26:09"]
[BlackClock "00:43:20"]
[WhiteTeam "USC Magdeburg"]
[BlackTeam "USG Chemnitz"]
[PlyCount "96"]
[WhiteFideId "16298489"]
[BlackFideId "34630333"]
[EventCountry "GER"]
[EventRounds "7"]
[EventType "team-swiss"]
[EventDate "2023.12.26"]

1. e4 {[%clk 01:30:57]} {[%emt 00:00:02]} e6 {[%clk 01:30:51]} {[%emt
00:00:10]} 2. d4 {[%clk 01:31:23]} {[%emt 00:00:05]} d5 {[%clk 01:31:16]}
{[%emt 00:00:05]} 3. Nc3 {[%clk 01:31:26]} {[%emt 00:00:28]} Ne7 {[%clk
01:26:58]} {[%emt 00:04:47]} 4. e5 {[%clk 01:29:47]} {[%emt 00:02:09]} h5
{[%clk 01:23:59]} {[%emt 00:03:28]} 5. Bg5 {[%clk 01:27:42]} {[%emt 00:02:36]}
Qd7 {[%clk 01:19:58]} {[%emt 00:04:30]} 6. f4 {[%clk 01:26:59]} {[%emt
00:01:12]} Nf5 {[%clk 01:19:20]} {[%emt 00:01:09]} 7. Qd3 {[%clk 01:19:57]}
{[%emt 00:07:32]} a6 {[%clk 01:18:39]} {[%emt 00:01:10]} 8. a3 {[%clk
01:17:29]} {[%emt 00:02:58]} c5 {[%clk 01:16:36]} {[%emt 00:02:34]} 9. Nf3
{[%clk 01:16:46]} {[%emt 00:01:12]} c4 {[%clk 01:16:17]} {[%emt 00:00:48]} 10.
Qd2 {[%clk 01:15:48]} {[%emt 00:01:19]} Nc6 {[%clk 01:15:24]} {[%emt 00:01:32]}
11. Ne2 {[%clk 01:10:21]} {[%emt 00:05:56]} Qc7 {[%clk 01:15:16]} {[%emt
00:00:38]} 12. c3 {[%clk 01:07:57]} {[%emt 00:02:55]} Na5 {[%clk 01:14:18]}
{[%emt 00:01:28]} 13. Nc1 {[%clk 01:06:37]} {[%emt 00:01:47]} Qb6 {[%clk
01:14:12]} {[%emt 00:00:39]} 14. Be2 {[%clk 01:04:04]} {[%emt 00:03:03]} Bd7
{[%clk 01:13:58]} {[%emt 00:00:44]} 15. Bd1 {[%clk 01:03:35]} {[%emt 00:00:59]}
Be7 {[%clk 01:13:52]} {[%emt 00:00:36]} 16. Bxe7 {[%clk 01:03:27]} {[%emt
00:00:38]} Nxe7 {[%clk 01:12:35]} {[%emt 00:01:47]} 17. Nh4 {[%clk 01:02:41]}
{[%emt 00:01:15]} Nf5 {[%clk 01:11:02]} {[%emt 00:02:03]} 18. Nxf5 {[%clk
01:02:50]} {[%emt 00:00:21]} exf5 {[%clk 01:11:29]} {[%emt 00:00:03]} 19. h4
{[%clk 01:02:51]} {[%emt 00:00:30]} Qg6 {[%clk 01:10:28]} {[%emt 00:01:31]} 20.
Qf2 {[%clk 01:00:56]} {[%emt 00:02:25]} O-O-O {[%clk 01:09:54]} {[%emt
00:01:04]} 21. Rb1 {[%clk 00:58:20]} {[%emt 00:03:06]} b5 {[%clk 01:09:44]}
{[%emt 00:00:40]} 22. O-O {[%clk 00:48:33]} {[%emt 00:10:17]} f6 {[%clk
01:08:12]} {[%emt 00:02:03]} 23. Kh2 {[%clk 00:47:07]} {[%emt 00:01:55]} Qf7
{[%clk 01:08:03]} {[%emt 00:00:38]} 24. exf6 {[%clk 00:45:43]} {[%emt
00:01:55]} gxf6 {[%clk 01:07:36]} {[%emt 00:00:57]} 25. g3 {[%clk 00:45:36]}
{[%emt 00:00:36]} Rde8 {[%clk 01:06:38]} {[%emt 00:01:29]} 26. Bf3 {[%clk
00:42:31]} {[%emt 00:03:33]} Bc6 {[%clk 01:04:27]} {[%emt 00:02:43]} 27. Na2
{[%clk 00:40:19]} {[%emt 00:02:43]} Bb7 {[%clk 01:03:50]} {[%emt 00:01:06]} 28.
Rbe1 {[%clk 00:39:49]} {[%emt 00:01:00]} Nc6 {[%clk 00:56:21]} {[%emt
00:07:58]} 29. Rxe8+ {[%clk 00:38:12]} {[%emt 00:02:08]} Rxe8 {[%clk 00:56:34]}
{[%emt 00:00:17]} 30. Re1 {[%clk 00:38:31]} {[%emt 00:00:11]} Rxe1 {[%clk
00:55:57]} {[%emt 00:01:06]} 31. Qxe1 {[%clk 00:38:55]} {[%emt 00:00:06]} Ne7
{[%clk 00:56:16]} {[%emt 00:00:10]} 32. Qe2 {[%clk 00:38:59]} {[%emt 00:00:26]}
a5 {[%clk 00:52:59]} {[%emt 00:03:47]} 33. Bxh5 {[%clk 00:39:18]} {[%emt
00:00:11]} Qf8 {[%clk 00:52:56]} {[%emt 00:00:32]} 34. Qe6+ {[%clk 00:38:53]}
{[%emt 00:00:55]} Kc7 {[%clk 00:52:41]} {[%emt 00:00:46]} 35. Bf7 {[%clk
00:38:43]} {[%emt 00:00:39]} Bc8 {[%clk 00:52:31]} {[%emt 00:00:41]} 36. Qxf6
{[%clk 00:38:37]} {[%emt 00:00:35]} Ng8 {[%clk 00:49:48]} {[%emt 00:03:14]} 37.
Qe5+ {[%clk 00:38:13]} {[%emt 00:00:53]} Kb6 {[%clk 00:46:16]} {[%emt
00:04:02]} 38. Bxd5 {[%clk 00:37:53]} {[%emt 00:00:49]} Bd7 {[%clk 00:43:44]}
{[%emt 00:03:01]} 39. Bxg8 {[%clk 00:37:29]} {[%emt 00:00:54]} Qxg8 {[%clk
00:44:00]} {[%emt 00:00:15]} 40. Qd6+ {[%clk 00:32:59]} {[%emt 00:04:59]} Bc6
{[%clk 00:43:52]} {[%emt 00:00:39]} 41. Qc5+ {[%clk 00:33:19]} {[%emt
00:00:08]} Kb7 {[%clk 00:43:47]} {[%emt 00:00:35]} 42. Qxf5 {[%clk 00:33:35]}
{[%emt 00:00:14]} Qe8 {[%clk 00:43:37]} {[%emt 00:00:40]} 43. Qe5 {[%clk
00:33:12]} {[%emt 00:00:53]} Qg6 {[%clk 00:43:05]} {[%emt 00:01:02]} 44. Qe2
{[%clk 00:31:34]} {[%emt 00:02:07]} Qb1 {[%clk 00:43:02]} {[%emt 00:00:35]} 45.
g4 {[%clk 00:27:24]} {[%emt 00:04:40]} Qh1+ {[%clk 00:42:21]} {[%emt 00:01:10]}
46. Kg3 {[%clk 00:27:42]} {[%emt 00:00:13]} Qg1+ {[%clk 00:42:41]} {[%emt
00:00:10]} 47. Kh3 {[%clk 00:27:04]} {[%emt 00:01:07]} Qh1+ {[%clk 00:43:01]}
{[%emt 00:00:10]} 48. Kg3 {[%clk 00:26:09]} {[%emt 00:01:26]} Qg1+ {[%clk
00:43:20]} {[%emt 00:00:11]} 1/2-1/2

[Event "DVM U20 2023"]
[Site "Magdeburg GER"]
[Date "2023.12.27"]
[Round "2"]
[White "Finck, Jonathan"]
[Black "Schönherr, Stijn"]
[Result "1-0"]
[Termination "normal"]
[Board "7.6"]
[WhiteElo "1520"]
[BlackElo "1295"]
[WhiteClock "00:26:56"]
[BlackClock "00:35:13"]
[WhiteTeam "USG Chemnitz"]
[BlackTeam "USC Magdeburg"]
[PlyCount "57"]
[WhiteFideId "34630155"]
[BlackFideId "34611622"]
[EventCountry "GER"]
[EventRounds "7"]
[EventType "team-swiss"]
[EventDate "2023.12.26"]

1. e4 {[%clk 01:30:51]} {[%emt 00:00:03]} e6 {[%clk 01:30:46]} {[%emt
00:00:20]} 2. d4 {[%clk 01:26:39]} {[%emt 00:04:42]} d5 {[%clk 01:31:03]}
{[%emt 00:00:15]} 3. exd5 {[%clk 01:26:31]} {[%emt 00:00:38]} exd5 {[%clk
01:31:26]} {[%emt 00:00:07]} 4. c4 {[%clk 01:26:27]} {[%emt 00:00:33]} Nf6
{[%clk 01:31:39]} {[%emt 00:00:19]} 5. Nf3 {[%clk 01:25:11]} {[%emt 00:01:46]}
Bg4 {[%clk 01:30:29]} {[%emt 00:01:40]} 6. cxd5 {[%clk 01:22:33]} {[%emt
00:03:07]} Nxd5 {[%clk 01:28:11]} {[%emt 00:02:49]} 7. Bc4 {[%clk 01:20:18]}
{[%emt 00:02:45]} Bb4+ {[%clk 01:27:41]} {[%emt 00:01:00]} 8. Bd2 {[%clk
01:18:34]} {[%emt 00:02:14]} Bxd2+ {[%clk 01:28:03]} {[%emt 00:00:07]} 9. Nbxd2
{[%clk 01:18:56]} {[%emt 00:00:09]} O-O {[%clk 01:28:07]} {[%emt 00:00:26]} 10.
O-O {[%clk 01:18:30]} {[%emt 00:00:56]} Nc6 {[%clk 01:28:22]} {[%emt 00:00:15]}
11. Qb3 {[%clk 01:13:48]} {[%emt 00:05:12]} Bxf3 {[%clk 01:27:10]} {[%emt
00:01:42]} 12. Nxf3 {[%clk 01:14:07]} {[%emt 00:00:10]} Nf6 {[%clk 01:26:23]}
{[%emt 00:01:18]} 13. Qxb7 {[%clk 01:11:30]} {[%emt 00:03:07]} Nxd4 {[%clk
01:26:17]} {[%emt 00:00:36]} 14. Rad1 {[%clk 01:11:16]} {[%emt 00:00:42]} Nxf3+
{[%clk 01:26:34]} {[%emt 00:00:17]} 15. Qxf3 {[%clk 01:11:32]} {[%emt
00:00:13]} Qe7 {[%clk 01:26:41]} {[%emt 00:00:22]} 16. Rfe1 {[%clk 01:10:15]}
{[%emt 00:01:48]} Qc5 {[%clk 01:26:56]} {[%emt 00:00:14]} 17. b3 {[%clk
01:10:07]} {[%emt 00:00:38]} h6 {[%clk 01:26:46]} {[%emt 00:00:41]} 18. h3
{[%clk 01:09:24]} {[%emt 00:01:13]} a5 {[%clk 01:26:29]} {[%emt 00:00:48]} 19.
Qc3 {[%clk 01:08:07]} {[%emt 00:01:46]} Qf5 {[%clk 01:26:23]} {[%emt 00:00:35]}
20. Re5 {[%clk 01:05:37]} {[%emt 00:02:59]} Qc8 {[%clk 01:15:53]} {[%emt
00:11:01]} 21. Re7 {[%clk 01:01:32]} {[%emt 00:04:34]} c5 {[%clk 01:00:32]}
{[%emt 00:15:52]} 22. Rd3 {[%clk 00:52:41]} {[%emt 00:09:18]} Qf5 {[%clk
00:48:35]} {[%emt 00:12:30]} 23. Rf3 {[%clk 00:42:44]} {[%emt 00:10:24]} Qb1+
{[%clk 00:47:25]} {[%emt 00:01:42]} 24. Kh2 {[%clk 00:41:50]} {[%emt 00:01:22]}
Qxa2 {[%clk 00:47:17]} {[%emt 00:00:41]} 25. Rxf6 {[%clk 00:30:29]} {[%emt
00:11:51]} gxf6 {[%clk 00:37:19]} {[%emt 00:10:29]} 26. Qxf6 {[%clk 00:28:37]}
{[%emt 00:02:22]} Qb1 {[%clk 00:34:40]} {[%emt 00:03:09]} 27. Bxf7+ {[%clk
00:27:20]} {[%emt 00:01:46]} Rxf7 {[%clk 00:34:47]} {[%emt 00:00:22]} 28. Qxf7+
{[%clk 00:27:37]} {[%emt 00:00:13]} Kh8 {[%clk 00:35:13]} {[%emt 00:00:05]} 29.
Qg7# {[%clk 00:26:56]} {[%emt 00:00:13]} 1-0